Pokémon(A-Z) - Statistiques

Statistiques générales
  • Ce quiz a été pris 184 fois
  • Le résultat moyen est 18 sur 26
Statistiques - réponses
Lettre Indice Pokémon % Correct
A Peut se téléporter Abra
97%
H Hibou Hoothoot
88%
B Starter Soleil/Lune Brindibou
83%
E Oiseau assez commun Etourmi
83%
Q Peintre Queulorior
83%
U Il ne faut pas vendre sa peau avant de l'avoir tué Ursaring
83%
Y Pokemon légendaire Yveltal
80%
K Caméleon Kecleon
79%
R Lignée d'un starter feu Reptincel
77%
D Chien electrique Dynavolt
76%
J Pokemon légendaire Jirachi
76%
N Evolution du H Noarfang
76%
W Mouton electrisant Wattouat
76%
F Lié à Aflamanoir Fermite
74%
I Lézard électrique Iguolta
71%
P Elephant de type sol Phanpy
71%
C Chenille pouvant avoir trois formes Cheniselle
70%
T Lignée d'un starter plante Torterra
70%
M Fille gelée Momartik
69%
Z Possède une multitude de formes Zarbi
61%
L Pokemon fossile Lilia
58%
O Possede le même nom qu'une pierre Onix
50%
V Rapace Vostourno
50%
X Peux voir le passé et l'avenir Xatu
50%
G Pokémon à 6 bras Golgopathe
36%
S 2 formes pour diamant et perle Sancoki
30%
Aucun quiz correspondant
Distribution des résultats
% des personnes avec chaque résultat
Percentile par nombre de réponses
Votre historique - résultats
Vous n’avez pas pris ce quiz